000
00197 a2200097 4500
001
11784
100
_a
Crozier, B.
245
_a
The Rebels
260
_a
_b
Chatto & windus
_c
090
_c
9040
_d
9040
942
_a
NUST-CAE
_c
M
_c
35868
999
_c
246857
_d
246857